[Event "Rochefort Master 2019"]
[Site "Palais des Congrès"]
[Date "2019.02.16"]
[Round "2.7"]
[White "Marie, Maxime"]
[Black "Mu, Ke"]
[Result "0-1"]
[WhiteElo "2186"]
[BlackElo "2404"]
[PlyCount "108"]
[EventDate "2019.??.??"]
[WhiteTeam "Club d'Echecs Lexovien"]

1. c4 Nf6 2. g3 e6 3. Bg2 d5 4. d4 dxc4 5. Nf3 Nc6 6. O-O Rb8 7. a4 Bb4 8. Qc2
Nxd4 9. Nxd4 Qxd4 10. Be3 Qe5 11. Qxc4 a5 12. Bd4 Qd6 13. Nc3 Qe7 14. e4 e5 15.
Qb5+ Nd7 16. Nd5 c6 17. Qxb4 Qxb4 18. Nxb4 exd4 19. Nd3 c5 20. Rac1 b6 21. Rfe1
Ba6 22. Nf4 Ne5 23. Nd5 O-O 24. Red1 Be2 25. f4 Bxd1 26. Rxd1 Nc4 27. b3 Ne3
28. Nxe3 dxe3 29. Bf1 Rfd8 30. Re1 Rd2 31. Rxe3 Rbd8 32. Bc4 R8d4 33. e5 Rb2
34. f5 Kf8 35. h3 Rd1+ 36. Bf1 Rbb1 37. Rf3 Re1 38. g4 h6 39. e6 fxe6 40. fxe6+
Ke7 41. Kg2 Rb2+ 42. Kg3 Rxf1 43. Rxf1 Rxb3+ 44. Kh4 Kxe6 45. Kh5 Rxh3+ 46. Kg6
Rg3 47. Re1+ Kd5 48. Kf5 c4 49. Re7 g6+ 50. Kf4 Rg1 51. Rd7+ Kc5 52. Rc7+ Kb4
53. Rc6 g5+ 54. Kf5 c3 0-1

[Event "Rochefort Master 2019"]
[Site "Palais des Congrès"]
[Date "2019.02.16"]
[Round "2.8"]
[White "Lucas, Arthur"]
[Black "Okhotnik, Vladimir"]
[Result "1-0"]
[WhiteElo "2178"]
[BlackElo "2352"]
[PlyCount "93"]
[EventDate "2019.??.??"]
[WhiteTeam "Cercle d'échecs des Sables d'Olonne"]
[BlackTeam "Club 608 d'Echecs Paris"]

1. e4 e5 2. Nf3 Nc6 3. d4 exd4 4. Nxd4 Nxd4 5. Qxd4 Qf6 6. Qc4 c6 7. Nc3 Ne7 8.
Be3 b5 9. Qd3 Ng6 10. O-O-O Bb4 11. Bd4 Qg5+ 12. Be3 Qe7 13. f4 Bc5 14. e5 d5
15. Nxd5 Bxe3+ 16. Nxe3 O-O 17. g3 Be6 18. Bg2 Bxa2 19. Qd6 Be6 20. Bxc6 Rab8
21. Be4 Rb6 22. Qxe7 Nxe7 23. f5 Bc8 24. Rd6 Bb7 25. Bxb7 Rxb7 26. Rhd1 h5 27.
h3 Rc7 28. Nd5 Nxd5 29. R1xd5 Rfc8 30. Rd8+ Rxd8 31. Rxd8+ Kh7 32. Rd5 a6 33.
Kd2 Kg8 34. Kd3 Kf8 35. b4 Ke7 36. c3 Ra7 37. Rd6 a5 38. bxa5 Rxa5 39. Rb6 b4
40. Rxb4 Rxe5 41. Re4 Kf6 42. Rxe5 Kxe5 43. g4 hxg4 44. hxg4 Kf4 45. c4 Kxg4
46. Ke4 Kg5 47. Ke5 1-0

[Event "Rochefort Master 2019"]
[Site "Palais des Congrès"]
[Date "2019.02.16"]
[Round "2.9"]
[White "Deslandes, Pascal"]
[Black "Maisuradze, Nino"]
[Result "1/2-1/2"]
[WhiteElo "2349"]
[BlackElo "2186"]
[PlyCount "62"]
[EventDate "2019.??.??"]
[WhiteTeam "Club d'Echecs du Vesinet"]
[BlackTeam "Bischwiller"]

1. e4 c5 2. c3 Nf6 3. e5 Nd5 4. d4 cxd4 5. cxd4 d6 6. Nf3 Nc6 7. Bc4 dxe5 8.
dxe5 Ndb4 9. Qb3 e6 10. O-O Na5 11. Bb5+ Bd7 12. Qa4 Bxb5 13. Qxb5+ Nac6 14.
Nc3 a6 15. Qc4 Qd3 16. Qf4 Be7 17. Be3 Qg6 18. Ne1 Rd8 19. Bb6 Nd5 20. Nxd5
Rxd5 21. Nf3 Rb5 22. Bd4 O-O 23. Bc3 Rd8 24. Rad1 Rbd5 25. Rxd5 Rxd5 26. h3 Bd8
27. Qc4 h6 28. Qb3 Rb5 29. Qc4 Rd5 30. Qb3 Rb5 31. Qc4 Rd5 1/2-1/2

[Event "Rochefort Master 2019"]
[Site "Palais des Congrès"]
[Date "2019.02.16"]
[Round "2.10"]
[White "Roselle, Tristan"]
[Black "Bobadilla Viera, Jorge Samuel"]
[Result "0-1"]
[WhiteElo "2173"]
[BlackElo "2318"]
[PlyCount "70"]
[EventDate "2019.??.??"]
[WhiteTeam "AGJA-Echiquier Aquitaine"]

1. e4 c5 2. Nf3 d6 3. Bb5+ Nd7 4. O-O a6 5. Bd3 b5 6. c4 bxc4 7. Bxc4 Nb6 8.
Bb3 Nf6 9. Nc3 e6 10. d4 cxd4 11. Qxd4 Be7 12. Rd1 O-O 13. a4 Bb7 14. Bg5 Nbd7
15. Rac1 Qb8 16. Bc2 Rc8 17. Ne2 Ne5 18. Nxe5 dxe5 19. Qd2 Bxe4 20. Bxf6 Rxc2
21. Rxc2 Bxc2 22. Bxe7 Bxd1 23. Qxd1 Qxb2 24. Ng3 Rc8 25. Nf1 h6 26. Qd7 Rc1
27. Qd8+ Kh7 28. Qd3+ f5 29. Qxa6 Qd4 30. g3 Rc2 31. Ne3 Rc1+ 32. Nf1 Ra1 33.
a5 f4 34. Qb5 f3 35. h3 Qd1 0-1

[Event "Rochefort Master 2019"]
[Site "Palais des Congrès"]
[Date "2019.02.16"]
[Round "2.11"]
[White "Hill, Alistair"]
[Black "Shirazi, Kamran"]
[Result "1/2-1/2"]
[WhiteElo "2152"]
[BlackElo "2309"]
[PlyCount "122"]
[EventDate "2019.??.??"]
[BlackTeam "Tremblay en France"]

1. c4 e5 2. g3 Nf6 3. Bg2 Nc6 4. Nc3 Bb4 5. Nd5 Nxd5 6. cxd5 Ne7 7. e3 c6 8. a3
Bd6 9. dxc6 dxc6 10. Ne2 O-O 11. O-O c5 12. Nc3 Nc6 13. d3 Be6 14. Qa4 a6 15.
Bd2 b5 16. Qc2 Rc8 17. Ne4 c4 18. Rfd1 Be7 19. dxc4 Bxc4 20. Bc3 Qc7 21. b3 Be6
22. Qb2 f6 23. Be1 Rfd8 24. Nc3 b4 25. Bd5 Bf7 26. axb4 Nxb4 27. Be4 g6 28.
Rac1 Rxd1 29. Rxd1 Rd8 30. Rc1 Qb8 31. Na4 Nd3 32. Bxd3 Rxd3 33. Nc5 Bxc5 34.
Rxc5 Rd1 35. Rc1 Rxc1 36. Qxc1 Qxb3 37. Qc8+ Kg7 38. Qxa6 g5 39. Qa5 Bd5 40.
Qb4 Qd1 41. e4 Bc6 42. Qd2 Qg4 43. Qe3 Bxe4 44. h3 Qf5 45. g4 Qg6 46. Qa7+ Qf7
47. Qxf7+ Kxf7 48. Kh2 Bf3 49. Bc3 h5 50. Kg3 Be2 51. f3 Kg6 52. Kf2 Bd1 53.
Bb2 Ba4 54. Bc3 Bd7 55. Kg3 Be6 56. Bb2 Bf7 57. Bc3 Be8 58. Bb2 Kf7 59. gxh5
Kg7 60. h4 Kh6 61. Bc1 Kxh5 1/2-1/2

[Event "Rochefort Master 2019"]
[Site "Palais des Congrès"]
[Date "2019.02.16"]
[Round "2.12"]
[White "Gao, Etienne"]
[Black "Mariette, Lucas"]
[Result "0-1"]
[WhiteElo "2306"]
[BlackElo "2185"]
[PlyCount "102"]
[EventDate "2019.??.??"]
[WhiteTeam "Echiquier Club Le Mans"]
[BlackTeam "Club d'Echecs de Marennes-Oleron"]

1. e4 e5 2. Nf3 Nc6 3. Bb5 f5 4. exf5 e4 5. Qe2 Qe7 6. Bxc6 dxc6 7. Nd4 Qe5 8.
Ne6 Bxe6 9. fxe6 Nf6 10. d3 Bd6 11. dxe4 Qxe4 12. Qxe4 Nxe4 13. O-O O-O-O 14.
Re1 Bb4 15. Rf1 Nxf2 16. Nc3 Ng4 17. h3 Ne5 18. Re1 Nc4 19. Bg5 Rde8 20. Re4
Bxc3 21. bxc3 Nd6 22. Re2 Rhf8 23. Rae1 h6 24. Bh4 c5 25. g4 g5 26. Bg3 Rf6 27.
Kg2 Kd8 28. h4 b6 29. Re5 Rg8 30. hxg5 hxg5 31. Rh1 Rfg6 32. Rh7 R8g7 33. Rxg7
Rxg7 34. Kf3 Ke7 35. Rxg5 Rxg5 36. Bh4 Kxe6 37. Bxg5 Nc4 38. Bf4 c6 39. Ke4 Na3
40. Bb8 a6 41. g5 b5 42. Ba7 c4 43. Ke3 Kf5 44. Bc5 Nb1 45. Kd4 Kxg5 46. Bb4
Kf4 47. a4 bxa4 48. Kxc4 Ke4 49. Be7 a5 50. Bg5 Na3+ 51. Kc5 Nxc2 0-1

[Event "Rochefort Master 2019"]
[Site "Palais des Congrès"]
[Date "2019.02.16"]
[Round "2.13"]
[White "Harutyunyan, Ruben"]
[Black "Dalaud, Dorian"]
[Result "1-0"]
[WhiteElo "2299"]
[BlackElo "2172"]
[PlyCount "43"]
[EventDate "2019.??.??"]
[WhiteTeam "Clichy-Echecs-92"]
[BlackTeam "Cercle d'Echecs de Nantes"]

1. e4 c5 2. Nf3 d6 3. d4 cxd4 4. Nxd4 Nf6 5. Nc3 a6 6. Be3 e5 7. Nb3 Be6 8. h3
h5 9. f4 Nc6 10. f5 Bc8 11. Qf3 b5 12. O-O-O Qc7 13. g4 hxg4 14. hxg4 Rxh1 15.
Qxh1 b4 16. Nd5 Nxd5 17. exd5 Na5 18. Kb1 Nc4 19. Bc5 Nxb2 20. Kxb2 dxc5 21. d6
Qb8 22. Qd5 1-0

[Event "Rochefort Master 2019"]
[Site "Palais des Congrès"]
[Date "2019.02.16"]
[Round "2.14"]
[White "De Seroux, Camille"]
[Black "Zachary, Matheo"]
[Result "1/2-1/2"]
[WhiteElo "2145"]
[BlackElo "2294"]
[PlyCount "108"]
[EventDate "2019.??.??"]
[WhiteTeam "Grasse Echecs"]
[BlackTeam "Mulhouse Philidor"]

1. e4 c5 2. Nf3 Nc6 3. Nc3 d6 4. d4 cxd4 5. Nxd4 e5 6. Nf3 Be7 7. Bc4 Nf6 8.
O-O O-O 9. Bg5 Be6 10. Bb3 Rc8 11. Bxf6 Bxf6 12. Nd5 Bg5 13. c3 Kh8 14. Nxg5
Qxg5 15. Ne3 Rcd8 16. Qd3 Ne7 17. Rfe1 Bc8 18. Rad1 f5 19. exf5 Bxf5 20. Nxf5
Nxf5 21. Bc2 g6 22. Re2 b6 23. Bb3 Ng7 24. Qe3 Qf6 25. Red2 Nh5 26. g3 Ng7 27.
Qe4 Nf5 28. Qb7 Ne7 29. Qxa7 d5 30. Qa6 d4 31. cxd4 Rxd4 32. Qe2 Nc6 33. Bd5
Rxd2 34. Rxd2 Nd4 35. Qd1 Rd8 36. Bg2 Qd6 37. Kh1 Qc5 38. h3 Rf8 39. Qe1 Rf5
40. Kh2 Kg7 41. Qd1 h5 42. h4 Rf7 43. a3 Qe7 44. Bd5 Rf6 45. Kg1 Rd6 46. Bg2
Qf6 47. Qc1 Qf7 48. Qc3 Rd7 49. Qe3 Qf6 50. Rd3 Qf5 51. Be4 Qh3 52. Bg2 Qf5 53.
Be4 Qh3 54. Bg2 Qf5 1/2-1/2

[Event "Rochefort Master 2019"]
[Site "Palais des Congrès"]
[Date "2019.02.16"]
[Round "2.15"]
[White "Solozhenkina, Elizaveta"]
[Black "Jackson, Thomas"]
[Result "1-0"]
[WhiteElo "2287"]
[BlackElo "2156"]
[PlyCount "61"]
[EventDate "2019.??.??"]
[WhiteTeam "Sporting Cheminot Pratique Omnisport"]
[BlackTeam "Thomas Bourgneuf - Creteil"]

1. e4 c5 2. Nf3 e6 3. Nc3 Nc6 4. d4 cxd4 5. Nxd4 Qc7 6. Be3 a6 7. Qf3 Bd6 8.
O-O-O Be5 9. g3 Nge7 10. Qe2 b5 11. f4 Bxd4 12. Bxd4 Nxd4 13. Rxd4 Rb8 14. Bg2
b4 15. Na4 a5 16. Rhd1 O-O 17. Qc4 Qc6 18. b3 Rd8 19. Qxc6 Nxc6 20. Rd6 Na7 21.
Bf1 Kf8 22. Nb6 Ke7 23. Nxc8+ Rbxc8 24. Ra6 Nc6 25. Bb5 Ra8 26. Rxd7+ Rxd7 27.
Rxa8 Rc7 28. Bxc6 Rxc6 29. Rxa5 Rd6 30. Ra7+ Kf8 31. Rc7 1-0

[Event "Rochefort Master 2019"]
[Site "Palais des Congrès"]
[Date "2019.02.16"]
[Round "3.6"]
[White "Bobadilla Viera, Jorge Samuel"]
[Black "Lucas, Arthur"]
[Result "1/2-1/2"]
[WhiteElo "2318"]
[BlackElo "2178"]
[PlyCount "89"]
[EventDate "2019.??.??"]
[BlackTeam "Cercle d'échecs des Sables d'Olonne"]

1. d4 Nf6 2. c4 g6 3. Nc3 Bg7 4. e4 d6 5. Nf3 O-O 6. Be2 Na6 7. O-O e5 8. Re1
Qe8 9. d5 Nc5 10. Bf1 a5 11. b3 Bg4 12. Rb1 b6 13. a3 a4 14. b4 Nb3 15. h3 Bd7
16. Bb2 Nh5 17. Bd3 Nf4 18. Bc2 f5 19. Bxb3 axb3 20. Qxb3 g5 21. exf5 Bxf5 22.
Ne4 g4 23. hxg4 Qg6 24. Nfd2 Bxg4 25. g3 Nh3+ 26. Kg2 Bh6 27. f3 Bf5 28. Rbd1
Rf7 29. Nf1 Raf8 30. Nh2 Ng5 31. Nxg5 Bxg5 32. Re2 Bh4 33. Rg1 Bxg3 34. Kh1 Bh3
35. f4 exf4 36. Qc3 Rf6 37. Qf3 Rf5 38. Re6 Qh5 39. Qc3 Re5 40. Rxe5 dxe5 41.
Qxe5 Qxe5 42. Bxe5 Kf7 43. Nf3 Bg4 44. Rf1 Ke8 45. Nd4 1/2-1/2

[Event "Rochefort Master 2019"]
[Site "Palais des Congrès"]
[Date "2019.02.16"]
[Round "3.7"]
[White "Mariette, Lucas"]
[Black "Solozhenkin, Evgeniy"]
[Result "0-1"]
[WhiteElo "2185"]
[BlackElo "2423"]
[PlyCount "148"]
[EventDate "2019.??.??"]
[WhiteTeam "Club d'Echecs de Marennes-Oleron"]

1. e4 c6 2. d4 d5 3. Nc3 dxe4 4. Nxe4 Bf5 5. Ng3 Bg6 6. h4 h6 7. Nf3 e6 8. h5
Bh7 9. Bd3 Bxd3 10. Qxd3 Nf6 11. Bd2 c5 12. O-O-O Nc6 13. Be3 Qa5 14. Qb3 O-O-O
15. Ne5 Qc7 16. Nxc6 Qxc6 17. dxc5 Bxc5 18. f3 a6 19. Qc3 Rd5 20. Rxd5 Bxe3+
21. Qxe3 Qxd5 22. b3 Rd8 23. Rh4 Qd6 24. Rc4+ Kb8 25. Qe1 Qa3+ 26. Kb1 Rd5 27.
c3 Qd6 28. Kc2 Nxh5 29. Nxh5 Rxh5 30. Rd4 Re5 31. Qf2 Qa3 32. Kb1 Qc5 33. Kc2
Rg5 34. Qd2 Ka7 35. b4 Qb6 36. a4 e5 37. Rd8 Rxg2 38. Qxg2 Qxd8 39. Qxg7 Qe8
40. a5 Qe6 41. Kb2 Kb8 42. Qg1 Kc7 43. Qe3 Qd6 44. Qe4 Qe6 45. Qh4 f5 46. Qg3
Kc6 47. Qg1 Kb5 48. Ka3 Kc4 49. Qc5+ Kd3 50. Kb2 Ke2 51. Qg1 f4 52. Qg2+ Ke3
53. Qg1+ Kxf3 54. Qh1+ Kg4 55. Qg2+ Kh4 56. Qxb7 e4 57. Qb6 Qc4 58. Qxh6+ Kg4
59. Qg6+ Kf3 60. Qh5+ Ke3 61. Qc5+ Qxc5 62. bxc5 f3 63. c6 f2 64. c7 f1=Q 65.
c8=Q Qb5+ 66. Kc2 Qd3+ 67. Kc1 Ke2 68. Qh8 Qd2+ 69. Kb1 e3 70. Qf6 Qd3+ 71. Kc1
Qc4 72. Qh8 Kd3 73. Qh7+ Kxc3 74. Qh1 Kb3+ 0-1

[Event "Rochefort Master 2019"]
[Site "Palais des Congrès"]
[Date "2019.02.16"]
[Round "3.8"]
[White "Van Den Doel, Erik"]
[Black "Giacomini, Hector"]
[Result "1-0"]
[WhiteElo "2611"]
[BlackElo "2191"]
[PlyCount "71"]
[EventDate "2019.??.??"]
[WhiteTeam "Mulhouse Philidor"]
[BlackTeam "Echiquier Tourangeau"]

1. d4 d5 2. Bf4 Nf6 3. e3 e6 4. Nd2 Bd6 5. Bg3 c5 6. Ngf3 Nc6 7. c3 O-O 8. Bd3
b6 9. Qe2 Bb7 10. e4 Be7 11. dxc5 bxc5 12. h3 a5 13. O-O Qb6 14. Rab1 Ba6 15.
Rfe1 Rfe8 16. Bh4 Bxd3 17. Qxd3 Red8 18. exd5 exd5 19. Ne5 Ra7 20. Nf1 Nxe5 21.
Rxe5 Rad7 22. Ng3 d4 23. c4 Nd5 24. Rbe1 Nf4 25. Bxe7 Nxd3 26. Bxd8 Qe6 27.
Rxe6 fxe6 28. Bxa5 Ra7 29. Rd1 Nxb2 30. Rb1 Nxc4 31. Be1 Rxa2 32. Ne4 d3 33.
Bc3 Rc2 34. Rd1 Re2 35. Nxc5 d2 36. Kf1 1-0

[Event "Rochefort Master 2019"]
[Site "Palais des Congrès"]
[Date "2019.02.16"]
[Round "3.9"]
[White "Zachary, Matheo"]
[Black "Yu, Ruiyuan"]
[Result "0-1"]
[WhiteElo "2294"]
[BlackElo "2491"]
[PlyCount "50"]
[EventDate "2019.??.??"]
[WhiteTeam "Mulhouse Philidor"]

1. d4 d5 2. Nf3 Nf6 3. c4 c6 4. e3 Bf5 5. Nc3 e6 6. Nh4 Bg6 7. Nxg6 hxg6 8. g3
Nbd7 9. Bd2 Bd6 10. b3 Ne4 11. Nxe4 dxe4 12. Bg2 f5 13. O-O Qg5 14. Bc3 Nf6 15.
d5 Ng4 16. h3 Nxe3 17. Bd2 f4 18. Qe1 Nxf1 19. Bxf4 Bxf4 20. Qxe4 Nxg3 21. fxg3
Qxg3 22. Qxe6+ Kf8 23. Rf1 Qh2+ 24. Kf2 Re8 25. Qxg6 Rh6 0-1

[Event "Rochefort Master 2019"]
[Site "Palais des Congrès"]
[Date "2019.02.16"]
[Round "3.10"]
[White "Ni, Shiqun"]
[Black "Hill, Alistair"]
[Result "1-0"]
[WhiteElo "2427"]
[BlackElo "2152"]
[PlyCount "77"]
[EventDate "2019.??.??"]

1. e4 e6 2. d4 d5 3. Nd2 Be7 4. e5 c5 5. c3 cxd4 6. cxd4 Qb6 7. Ndf3 Bb4+ 8.
Bd2 Nc6 9. Bxb4 Qxb4+ 10. Qd2 Bd7 11. Rc1 Qxd2+ 12. Kxd2 Nge7 13. Bd3 Nb4 14.
Bb1 Bb5 15. h4 Rc8 16. Nh3 O-O 17. Nf4 Rxc1 18. Rxc1 Rc8 19. Rh1 Na6 20. h5 Nc7
21. h6 g6 22. g4 Ne8 23. b3 Rc7 24. Rg1 Kh8 25. Rh1 Rc8 26. Ng5 Kg8 27. Rh3 Nc6
28. Nxg6 fxg6 29. Bxg6 Nxd4 30. Bxh7+ Kf8 31. Bg6 Nc7 32. Nf7 Bf1 33. Rh5 Be2
34. h7 Kg7 35. h8=Q+ Rxh8 36. Nxh8 Bxg4 37. Rh7+ Kg8 38. Nf7 Ncb5 39. Nh6+ 1-0

[Event "Rochefort Master 2019"]
[Site "Palais des Congrès"]
[Date "2019.02.16"]
[Round "3.11"]
[White "Maisuradze, Nino"]
[Black "Colin, Vincent"]
[Result "0-1"]
[WhiteElo "2186"]
[BlackElo "2382"]
[PlyCount "96"]
[EventDate "2019.??.??"]
[WhiteTeam "Bischwiller"]
[BlackTeam "Les Tours des Hauts de France - St Quentin"]

1. d4 Nf6 2. Nf3 g6 3. Bf4 d6 4. h3 Bg7 5. e3 O-O 6. Be2 Nfd7 7. Bh2 Nc6 8. c4
e5 9. Nc3 Kh8 10. O-O f5 11. Rb1 g5 12. d5 Ncb8 13. e4 Nc5 14. b4 Nxe4 15. Nxe4
fxe4 16. Nd2 a5 17. a3 axb4 18. axb4 Bf5 19. Bg4 Bg6 20. Rb3 Nd7 21. Bh5 Qe8
22. Bxg6 Qxg6 23. Re1 Nf6 24. Qb1 b5 25. c5 Nxd5 26. Qxe4 Nf4 27. Qxg6 hxg6 28.
Ne4 Ne2+ 29. Kf1 Nd4 30. Rb2 d5 31. Nxg5 e4 32. Bxc7 Rf5 33. h4 Rxg5 34. hxg5
Ne6 35. Rc2 Nxc7 36. f3 Rf8 37. Ra2 Bc3 38. Rb1 exf3 39. Ra7 fxg2+ 40. Kxg2 Rf7
41. Rf1 Re7 42. Rf8+ Kg7 43. Rd8 Kf7 44. c6 Ke6 45. Ra2 Be5 46. Re2 Rh7 47.
Rxe5+ Kxe5 48. Rd7 Rxd7 0-1

[Event "Rochefort Master 2019"]
[Site "Palais des Congrès"]
[Date "2019.02.16"]
[Round "3.12"]
[White "Decosse, Jean-Fabien"]
[Black "Deslandes, Pascal"]
[Result "0-1"]
[WhiteElo "2165"]
[BlackElo "2349"]
[PlyCount "78"]
[EventDate "2019.??.??"]
[WhiteTeam "Reims Echec et Mat"]
[BlackTeam "Club d'Echecs du Vesinet"]

1. d4 Nf6 2. c4 g6 3. Nc3 Bg7 4. e4 d6 5. Be2 O-O 6. Nf3 e5 7. O-O Nc6 8. d5
Ne7 9. Ne1 Nd7 10. Be3 f5 11. f3 f4 12. Bf2 g5 13. Rc1 Rf6 14. Nb5 b6 15. b4 a6
16. Nc3 Rh6 17. Nd3 Qe8 18. Kh1 Nf6 19. g4 fxg3 20. Bxg3 Ng6 21. Rg1 Nh5 22.
Qd2 Ngf4 23. Nxf4 exf4 24. Bf2 Qe5 25. Bd3 Ng3+ 26. Bxg3 fxg3 27. Rg2 Bd7 28.
Ne2 Rxh2+ 29. Rxh2 gxh2 30. f4 gxf4 31. Qxf4 Rf8 32. Qxh2 Qxh2+ 33. Kxh2 Rf3
34. Rd1 Bg4 35. c5 Rf2+ 36. Kg3 Bxe2 37. Kxf2 Bxd1 38. cxd6 cxd6 39. Bxa6 Bd4+
0-1

[Event "Rochefort Master 2019"]
[Site "Palais des Congrès"]
[Date "2019.02.16"]
[Round "3.13"]
[White "Shirazi, Kamran"]
[Black "De Seroux, Camille"]
[Result "1-0"]
[WhiteElo "2309"]
[BlackElo "2145"]
[PlyCount "67"]
[EventDate "2019.??.??"]
[WhiteTeam "Tremblay en France"]
[BlackTeam "Grasse Echecs"]

1. g3 g6 2. Bg2 Bg7 3. e4 c5 4. Nf3 Nc6 5. O-O d6 6. h3 Nf6 7. Re1 O-O 8. e5
dxe5 9. Nxe5 Nxe5 10. Rxe5 Qc7 11. Re1 e6 12. d3 Bd7 13. Bf4 Qb6 14. Nd2 Bc6
15. Nc4 Qa6 16. Bf1 b5 17. Ne5 Bb7 18. a4 Nh5 19. d4 Nxf4 20. gxf4 Rfd8 21.
axb5 Qd6 22. c4 Bh6 23. Bg2 Bxg2 24. Kxg2 cxd4 25. Qf3 Qc7 26. b3 Re8 27. Ra6
Bg7 28. b6 Qe7 29. Nc6 Qb7 30. Rxa7 Rxa7 31. bxa7 Kf8 32. Ra1 Ra8 33. Ra5 d3
34. Rb5 1-0

[Event "Rochefort Master 2019"]
[Site "Palais des Congrès"]
[Date "2019.02.16"]
[Round "3.15"]
[White "Spiridonov, Nikola"]
[Black "Martinez Duany, Lelys Stanley"]
[Result "0-1"]
[WhiteElo "2139"]
[BlackElo "2547"]
[PlyCount "44"]
[EventDate "2019.??.??"]
[WhiteTeam "Savigny-Le-Temple Echecs"]

1. Nf3 c5 2. g3 g6 3. Bg2 Bg7 4. c4 e5 5. Nc3 Ne7 6. O-O O-O 7. Ne1 d6 8. Nc2
Nbc6 9. Rb1 Be6 10. Ne3 Qd7 11. a3 f5 12. b4 cxb4 13. axb4 f4 14. Ned5 Bh3 15.
b5 Bxg2 16. bxc6 Qh3 17. Nxe7+ Kh8 18. cxb7 Rab8 19. Ne4 Bxe4 20. f3 fxg3 21.
hxg3 Qxg3+ 22. Kh1 Rf4 0-1

[Event "Rochefort Master 2019"]
[Site "Palais des Congrès"]
[Date "2019.02.16"]
[Round "4.6"]
[White "Solozhenkina, Elizaveta"]
[Black "Guidarelli, Laurent"]
[Result "1/2-1/2"]
[WhiteElo "2287"]
[BlackElo "2465"]
[PlyCount "72"]
[EventDate "2019.??.??"]
[WhiteTeam "Sporting Cheminot Pratique Omnisport"]
[BlackTeam "L'Echiquier du Roy René"]

1. e4 e6 2. d4 d5 3. Nd2 Nf6 4. e5 Nfd7 5. Bd3 c5 6. c3 Nc6 7. Ne2 cxd4 8. cxd4
f6 9. exf6 Nxf6 10. O-O Bd6 11. Nf3 Qc7 12. Bg5 O-O 13. Qc2 h6 14. Bh4 g5 15.
Bg3 Bxg3 16. hxg3 Qg7 17. Bb5 Bd7 18. Bxc6 Bxc6 19. Ne5 Bb5 20. Rfe1 Ne4 21.
Qb3 Ba6 22. f3 Nd6 23. Qb4 Nc4 24. Nxc4 dxc4 25. Qd6 Rfe8 26. Rad1 Rad8 27. Qa3
Qf8 28. Qa4 Qd6 29. Nc3 Qxg3 30. d5 g4 31. fxg4 Rf8 32. Qc2 Qh4 33. Qg6+ Kh8
34. Rxe6 Qf2+ 35. Kh1 Qh4+ 36. Kg1 Qf2+ 1/2-1/2

[Event "Rochefort Master 2019"]
[Site "Palais des Congrès"]
[Date "2019.02.16"]
[Round "4.7"]
[White "Lucas, Arthur"]
[Black "Ni, Shiqun"]
[Result "1/2-1/2"]
[WhiteElo "2178"]
[BlackElo "2427"]
[PlyCount "53"]
[EventDate "2019.??.??"]
[WhiteTeam "Cercle d'échecs des Sables d'Olonne"]

1. e4 e5 2. Nf3 Nc6 3. d4 d6 4. dxe5 Nxe5 5. Nxe5 dxe5 6. Qxd8+ Kxd8 7. Bc4 f6
8. Be3 Bb4+ 9. Nd2 Ke7 10. O-O-O Be6 11. c3 Bd6 12. Bxe6 Kxe6 13. Nc4 Ne7 14.
Rd3 Rhd8 15. Rhd1 Nc6 16. a4 a6 17. a5 h5 18. b4 g6 19. f3 Rac8 20. Nb2 Rd7 21.
Na4 Rcd8 22. Bc5 Be7 23. Kc2 Rxd3 24. Rxd3 Rxd3 25. Kxd3 Nd8 26. Bxe7 Kxe7 27.
Nc5 1/2-1/2

[Event "Rochefort Master 2019"]
[Site "Palais des Congrès"]
[Date "2019.02.16"]
[Round "4.8"]
[White "Solozhenkin, Evgeniy"]
[Black "Shirazi, Kamran"]
[Result "1/2-1/2"]
[WhiteElo "2423"]
[BlackElo "2309"]
[PlyCount "133"]
[EventDate "2019.??.??"]
[BlackTeam "Tremblay en France"]

1. e4 c5 2. Nf3 e6 3. Nc3 a6 4. d4 b5 5. dxc5 Bxc5 6. Bd3 Bb7 7. O-O d6 8. a3
Nf6 9. b4 Ba7 10. a4 O-O 11. axb5 axb5 12. Bd2 Bb6 13. Rxa8 Bxa8 14. Qe2 Nc6
15. Nxb5 d5 16. Ng5 h6 17. e5 Nd7 18. Nf3 Qe7 19. c3 f6 20. exf6 Qxf6 21. Bc2
Nde5 22. Nxe5 Nxe5 23. Be3 Nc4 24. Bxb6 Nxb6 25. f4 Rc8 26. Qd3 Nc4 27. Re1 Bc6
28. Nd4 Bd7 29. Nb3 Ba4 30. Rd1 Nb2 31. Qh7+ Kf7 32. Nc5 Rxc5 33. bxc5 Qxc3 34.
Bxa4 Nxa4 35. Rf1 Qxc5+ 36. Kh1 Qc4 37. Rb1 Kf6 38. Qg8 Nc3 39. Re1 Ne4 40.
Qd8+ Kg6 41. Qb6 d4 42. Qb7 Qd5 43. Qb4 Kf7 44. Kg1 h5 45. Re2 h4 46. Qe1 d3
47. Rxe4 d2 48. Qd1 Qxe4 49. Qxd2 Kg6 50. Kf2 Kf5 51. g3 Kg4 52. Qd1+ Kh3 53.
Qh5 Qd4+ 54. Kf1 Qd3+ 55. Kg1 Qd4+ 56. Kf1 Qc4+ 57. Kf2 Qc2+ 58. Ke3 Kxh2 59.
Qxh4+ Kg2 60. Qg5 Qc3+ 61. Ke4 Qf3+ 62. Kd4 Qxg3 63. Ke5 Qxg5+ 64. fxg5 Kf3 65.
Kxe6 Kg4 66. Kf7 Kxg5 67. Kxg7 1/2-1/2

[Event "Rochefort Master 2019"]
[Site "Palais des Congrès"]
[Date "2019.02.16"]
[Round "4.9"]
[White "Rios, Cristhian Camilo"]
[Black "Saada, Julien"]
[Result "1-0"]
[WhiteElo "2482"]
[BlackElo "2281"]
[PlyCount "121"]
[EventDate "2019.??.??"]
[BlackTeam "Poitiers-Migne Echecs"]

1. d4 d5 2. c4 e6 3. Nc3 Nf6 4. cxd5 exd5 5. Bg5 c6 6. e3 Be7 7. Qc2 Nbd7 8.
Bd3 h6 9. Bh4 Nh5 10. Bxe7 Qxe7 11. O-O-O Nb6 12. h3 Nf6 13. Nf3 Be6 14. Kb1
O-O-O 15. Rc1 Kb8 16. Na4 Nxa4 17. Qxa4 Nd7 18. Rc3 Nb6 19. Qc2 Rhe8 20. Rc1
Rc8 21. Ne5 Rc7 22. Ra3 Qd6 23. Qc3 f6 24. Qa5 Nc8 25. Bg6 Ree7 26. Nd3 b6 27.
Qa4 Bd7 28. Nb4 Ka8 29. Na6 Rb7 30. Rac3 c5 31. dxc5 bxc5 32. Qa3 c4 33. Nc5
Rc7 34. Nxd7 Qxa3 35. Rxa3 Rexd7 36. Bf5 Rd6 37. Rd1 Ne7 38. Bg4 Rc5 39. Rc3
Kb7 40. Bf3 Kb6 41. Rc2 Rcc6 42. Rcd2 Kc5 43. Rd4 Rb6 44. Kc2 Ra6 45. a3 Rab6
46. h4 g5 47. g3 a5 48. R1d2 Rbc6 49. b3 Rb6 50. bxc4 dxc4 51. Be2 Rxd4 52.
Rxd4 c3 53. Kxc3 Rb1 54. hxg5 hxg5 55. Rd7 Nd5+ 56. Kc2 Ra1 57. Bf3 Nb6 58.
Rc7+ Kb5 59. Be2+ Ka4 60. Kb2 Rg1 61. Rc5 1-0

[Event "Rochefort Master 2019"]
[Site "Palais des Congrès"]
[Date "2019.02.16"]
[Round "4.10"]
[White "Martinez Duany, Lelys Stanley"]
[Black "Coursaget, Nicolas"]
[Result "1-0"]
[WhiteElo "2547"]
[BlackElo "2264"]
[PlyCount "69"]
[EventDate "2019.??.??"]
[BlackTeam "Club d'Echecs Lexovien"]

1. e4 Nf6 2. e5 Nd5 3. d4 d6 4. Nf3 Bg4 5. Be2 e6 6. c4 Nb6 7. exd6 cxd6 8. h3
Bh5 9. Nc3 Be7 10. O-O O-O 11. a4 a5 12. b3 Na6 13. Be3 Nb4 14. Qd2 Nd7 15.
Rac1 h6 16. Nb5 Nf6 17. Bf4 g5 18. Bh2 Ne4 19. Qe3 Bg6 20. Nd2 Nxd2 21. Qxd2 f5
22. f4 gxf4 23. Bxf4 Bg5 24. h4 Be7 25. Qe3 Bxh4 26. Qxe6+ Kh7 27. Bh5 Rf6 28.
Bxg6+ Kxg6 29. Qe2 Qd7 30. Rc3 Re6 31. Qf3 Rae8 32. Bg3 Re4 33. Nxd6 Bxg3 34.
Qxg3+ Rg4 35. Nxe8 1-0

[Event "Rochefort Master 2019"]
[Site "Palais des Congrès"]
[Date "2019.02.16"]
[Round "4.11"]
[White "Coupet, Pascal"]
[Black "Sosa, Tomas"]
[Result "0-1"]
[WhiteElo "2267"]
[BlackElo "2502"]
[PlyCount "58"]
[EventDate "2019.??.??"]
[WhiteTeam "Asnières - Le Grand Echiquier"]

1. e4 e5 2. Nf3 Nc6 3. Bc4 Nf6 4. d3 Bc5 5. c3 d6 6. Bb3 a6 7. Nbd2 Ba7 8. O-O
h6 9. Re1 g5 10. d4 g4 11. dxe5 gxf3 12. exf6 fxg2 13. e5 Nxe5 14. Nc4 Qxf6 15.
Be3 Nf3+ 16. Qxf3 Qxf3 17. Bxa7+ Be6 18. Bd4 Rg8 19. Nd2 Qf5 20. Re3 O-O-O 21.
c4 Rg4 22. Bc3 Rdg8 23. Rc1 Rf4 24. Bc2 Qh5 25. Rg3 Rxg3 26. fxg3 Qc5+ 27. Kxg2
Rf2+ 28. Kh1 Qh5 29. h4 Qg4 0-1